| 000 | 01331nam0a22002651 4500 | ||
|---|---|---|---|
| 001 | rc\4260491 | ||
| 005 | 20260407165403.0 | ||
| 021 |
_aRU _bРг7227-58 |
||
| 035 | _a(NLR Aleph) 008237578 | ||
| 090 |
_a8256657 _c8256657 |
||
| 100 | _a20130416d1958 |||y0rusy50 ca | ||
| 101 | 0 | _arus | |
| 102 | _aRU | ||
| 105 | _aa z ||||| | ||
| 200 | 1 |
_aВопросы методики изучения вещественного состава руд в целях разработки схем комплексного обогащения _fГос. науч. техн. ком. Совета Министров Казах. ССР. Центр. ин-т науч.-техн. информации |
|
| 210 |
_aАлма-Ата _cЦИНТИ _d1958 |
||
| 215 |
_a15 с., 3 л. ил. _d29 |
||
| 300 | _aЛитогр. | ||
| 700 | 1 |
_aБергер _bГ.С. _gГеннадий Семенович |
|
| 712 | 1 | 2 |
_aКазахское респ. совещание по вопросу внедрения новой техники и обмену передовым производственным опытом в области обогащения полезных ископаемых _f1958 _eАлма-Ата _3RU\NLR\AUTH\8810104933 _9710102 |
| 801 | 0 |
_aRU _bNLR _gpsbo |
|
| 801 | 1 |
_aRU _bELAR _2rusmarc |
|
| 852 |
_aNLR _j58-8/1798 |
||
| 942 | _cBOOK | ||
| 980 | _aNB | ||